000 00696nam a2200289Ia 4500
008 160321s9999||||xx |||||||||||||| ||und||
040 _cgujarati
082 _aVII.A(author)someshvar
082 _bBORI-68616
100 _avibhuti vikram bhatt
245 _asomeshwar ni krutio
260 _aahmedabad
260 _bsarasvat prakashan
260 _c1989
300 _a15+288
300 _cB
300 _epaperback
530 _u00079657.pdf
563 _astudy
600 _avibhuti vikram bhatt
630 _asomeshwar ni krutio
650 _aauthor
650 _aclassical lit
700 _avibhuti vikram bhatt
730 _asomeshwar ni krutio
942 _cBOOK
999 _c1368240
_d1368237